[Event "Irkutsk Baykal op"]
[Site "Irkutsk"]
[Date "2014.06.15"]
[Round "9"]
[White "Sergeev, Andrey"]
[Black "Bychkov, Vladimir"]
[Result "1/2-1/2"]
[WhiteElo "1996"]
[BlackElo "1989"]
[PlyCount "79"]
[EventDate "2014.06.07"]
[EventType "swiss"]
[EventRounds "9"]
[EventCountry "RUS"]
[SourceTitle "CBM 161 Extra"]
[Source "ChessBase"]
[SourceDate "2014.08.29"]
[SourceVersion "1"]
[SourceVersionDate "2014.08.29"]
[SourceQuality "1"]

1. d4 Nf6 2. c4 g6 3. Nc3 Bg7 4. e4 d6 5. f3 0-0 6. Be3 c6 7. Qd2 Nbd7 8. Nge2 c5 9. Rd1 cxd4 10. Nxd4 Ne5 11. Be2 Qa5 12. 0-0 Bd7 13. b4 Qd8 14. Nb3 Nc6 15. a3 b6 16. c5 bxc5 17. bxc5 Rb8 18. Nd4 dxc5 19. Nxc6 Bxc6 20. Qxd8 Rfxd8 21. Rxd8+ Rxd8 22. Bxc5 Rd7 23. Rd1 a5 24. Nd5 Nxd5 25. exd5 Rxd5 26. Bxe7 Rxd1+ 27. Bxd1 Bf8 28. Bxf8 Kxf8 29. Kf2 Ke7 30. Ke3 Kd6 31. Kd4 Bd5 32. g3 f6 33. f4 h6 34. Bc2 g5 35. h4 Bf7 36. Be4 Be6 37. hxg5 fxg5 38. fxg5 hxg5 39. Bf3 Bd7 40. Bd5 1/2-1/2

[Event "Irkutsk Baykal op"]
[Site "Irkutsk"]
[Date "2014.06.13"]
[Round "7"]
[White "Grekhneva, Yana"]
[Black "Sergeev, Andrey"]
[Result "0-1"]
[WhiteElo "1508"]
[BlackElo "1996"]
[PlyCount "76"]
[EventDate "2014.06.07"]
[EventType "swiss"]
[EventRounds "9"]
[EventCountry "RUS"]
[SourceTitle "CBM 161 Extra"]
[Source "ChessBase"]
[SourceDate "2014.08.29"]
[SourceVersion "1"]
[SourceVersionDate "2014.08.29"]
[SourceQuality "1"]

1. d4 d5 2. c4 c6 3. Nf3 Nf6 4. Nc3 e6 5. Bg5 h6 6. Bh4 dxc4 7. e4 g5 8. Bg3 b5 9. e5 Nd5 10. h4 Bb4 11. Qc2 g4 12. Nd2 Qb6 13. Ne2 Qa5 14. Bf4 Nd7 15. Be3 Bb7 16. g3 c5 17. Rh2 0-0-0 18. Bg2 Nxe3 19. fxe3 Bxg2 20. Rxg2 Bxd2+ 21. Qxd2 Qxd2+ 22. Kxd2 Nxe5 23. Kc3 b4+ 24. Kc2 Nf3 25. Rd1 Rd7 26. a3 a5 27. dxc5 Rxd1 28. Kxd1 Rd8+ 29. Kc1 Rd2 30. axb4 axb4 31. Nf4 Rxg2 32. Nxg2 Kc7 33. b3 Kc6 34. bxc4 Kxc5 35. e4 Kd4 36. c5 Kxc5 37. Ne3 Ne5 38. Kc2 Kd4 0-1

[Event "Irkutsk Baykal op"]
[Site "Irkutsk"]
[Date "2014.06.12"]
[Round "6"]
[White "Sergeev, Andrey"]
[Black "Eliseev, Nikolay"]
[Result "1-0"]
[WhiteElo "1996"]
[BlackElo "2104"]
[PlyCount "83"]
[EventDate "2014.06.07"]
[EventType "swiss"]
[EventRounds "9"]
[EventCountry "RUS"]
[SourceTitle "CBM 161 Extra"]
[Source "ChessBase"]
[SourceDate "2014.08.29"]
[SourceVersion "1"]
[SourceVersionDate "2014.08.29"]
[SourceQuality "1"]

1. d4 Nf6 2. c4 c5 3. d5 e6 4. Nc3 exd5 5. cxd5 d6 6. e4 a6 7. f4 g6 8. e5 Nh5 9. Nf3 Bh6 10. Ne4 Bf8 11. Be2 Be7 12. 0-0 Bf5 13. Nfg5 h6 14. Bxh5 hxg5 15. exd6 Bxd6 16. Nxd6+ Qxd6 17. Bg4 Nd7 18. Bxf5 gxf5 19. Qe1+ Kd8 20. Qc3 Kc7 21. b4 g4 22. Ba3 Qf6 23. Qxf6 Nxf6 24. Bb2 Rh6 25. Bxf6 Rxf6 26. bxc5 b6 27. Rac1 Rd8 28. Rfd1 bxc5 29. Rxc5+ Kb6 30. Rc2 Rfd6 31. Rcd2 Kc5 32. Kf2 Rxd5 33. Rxd5+ Rxd5 34. Rxd5+ Kxd5 35. h4 f6 36. Ke3 a5 37. a4 g3 38. Kf3 Ke6 39. Kxg3 Kf7 40. Kf3 Kg6 41. Ke3 Kh5 42. g3 1-0

[Event "Irkutsk-ch"]
[Site "Irkutsk"]
[Date "2014.02.13"]
[Round "5"]
[White "Sorokovikov, Vasily"]
[Black "Sergeev, Andrey"]
[Result "0-1"]
[WhiteElo "1682"]
[BlackElo "2032"]
[PlyCount "112"]
[EventDate "2014.02.02"]
[EventType "swiss"]
[EventRounds "9"]
[EventCountry "RUS"]
[SourceTitle "CBM 159 Extra"]
[Source "ChessBase"]
[SourceDate "2014.04.24"]
[SourceVersion "1"]
[SourceVersionDate "2014.04.24"]
[SourceQuality "1"]

1. d4 d5 2. c4 c6 3. Nc3 Nf6 4. Nf3 e6 5. Qd3 Nbd7 6. g3 Bd6 7. Bg2 0-0 8. 0-0 dxc4 9. Qxc4 e5 10. dxe5 Nxe5 11. Nxe5 Bxe5 12. Rd1 Qe7 13. Be3 Be6 14. Qh4 Rfd8 15. a3 Rxd1+ 16. Rxd1 Bxc3 17. bxc3 Qxa3 18. Qd4 Qe7 19. Bg5 h6 20. Bf4 Bd5 21. f3 Qxe2 22. Qd2 Bxf3 23. Qxe2 Bxe2 24. Re1 Re8 25. h3 Ba6 26. Rxe8+ Nxe8 27. Bb8 f6 28. Bxa7 Nc7 29. Bc5 Kf7 30. Kf2 Bc4 31. Ke3 Bd5 32. Bf1 b5 33. Be2 Ne6 34. Bd6 Ng5 35. h4 Ne4 36. Bb4 Nxg3 37. Bd3 g6 38. Kf4 Nh5+ 39. Ke3 f5 40. Kd4 Ke6 41. Bf8 g5 42. Bxh6 gxh4 43. Bf1 Ng3 44. Bh3 Ne4 45. Be3 Bc4 46. Bg1 Ng5 47. Bg2 h3 48. Bxc6 Bf1 49. Bd5+ Kf6 50. Bh2 Bg2 51. Be5+ Kg6 52. Bf4 Bxd5 53. Kxd5 Nf3 54. Kc5 h2 55. Bxh2 Nxh2 56. Kxb5 f4 0-1

[Event "Irkutsk-ch"]
[Site "Irkutsk"]
[Date "2014.02.09"]
[Round "4"]
[White "Sergeev, Andrey"]
[Black "Galenpolsky, Mikhail"]
[Result "0-1"]
[WhiteElo "2032"]
[BlackElo "1734"]
[PlyCount "48"]
[EventDate "2014.02.02"]
[EventType "swiss"]
[EventRounds "9"]
[EventCountry "RUS"]
[SourceTitle "CBM 159 Extra"]
[Source "ChessBase"]
[SourceDate "2014.04.24"]
[SourceVersion "1"]
[SourceVersionDate "2014.04.24"]
[SourceQuality "1"]

1. d4 Nf6 2. c4 g6 3. Nc3 d5 4. Bf4 dxc4 5. e4 a6 6. Bxc4 b5 7. Bb3 Bb7 8. Rc1 e6 9. Nf3 c5 10. e5 Nd5 11. Nxd5 Bxd5 12. dxc5 Bxb3 13. Qxb3 Nd7 14. Be3 Qc7 15. Qc3 a5 16. a3 a4 17. 0-0 Bg7 18. Bd4 0-0 19. c6 Nb8 20. Qc5 Rc8 21. Qxb5 Nxc6 22. Rc3 Nxd4 23. Nxd4 Qxe5 24. Qb7 Rcb8 0-1

[Event "Irkutsk-ch"]
[Site "Irkutsk"]
[Date "2014.02.06"]
[Round "2"]
[White "Sergeev, Andrey"]
[Black "Ergeshov, Timur"]
[Result "0-1"]
[WhiteElo "2032"]
[BlackElo "1906"]
[PlyCount "98"]
[EventDate "2014.02.02"]
[EventType "swiss"]
[EventRounds "9"]
[EventCountry "RUS"]
[SourceTitle "CBM 159 Extra"]
[Source "ChessBase"]
[SourceDate "2014.04.24"]
[SourceVersion "1"]
[SourceVersionDate "2014.04.24"]
[SourceQuality "1"]

1. d4 Nf6 2. c4 e6 3. Nc3 Bb4 4. Qc2 0-0 5. a3 Bxc3+ 6. Qxc3 b6 7. Bg5 h6 8. Bh4 c5 9. dxc5 bxc5 10. Bxf6 Qxf6 11. Qxf6 gxf6 12. Nh3 Nc6 13. e3 Ba6 14. 0-0-0 Rfd8 15. Rd6 Kf8 16. Be2 Ke7 17. Rhd1 Bb7 18. R6d2 Ne5 19. Nf4 Bc6 20. b3 a5 21. Kb2 Rdb8 22. Kc3 Ra7 23. Rb2 Rab7 24. f3 a4 25. b4 cxb4+ 26. Rxb4 Rc8 27. Rdb1 Rbc7 28. Nd3 d5 29. Nxe5 fxe5 30. Bd1 Bd7 31. Be2 Kd6 32. Rb8 Kc5 33. Rxc8 Rxc8 34. Rb4 d4+ 35. Kd3 Bc6 36. Bd1 Ra8 37. g3 f5 38. exd4+ exd4 39. f4 h5 40. Ke2 h4 41. gxh4 Rg8 42. Bxa4 Rg2+ 43. Ke1 Bxa4 44. Rxa4 d3 45. Ra6 Kd4 46. Rxe6 Kc3 47. Kf1 Rxh2 48. c5 d2 49. Rd6 Kc2 0-1

[Event "Irkutsk-ch op"]
[Site "Irkutsk"]
[Date "2011.04.22"]
[Round "7"]
[White "Sergeev, Andrey"]
[Black "Khusainov, Gennady"]
[Result "1-0"]
[WhiteElo "2065"]
[BlackElo "1655"]
[PlyCount "55"]
[EventDate "2011.04.16"]
[EventType "swiss"]
[EventRounds "9"]
[EventCountry "RUS"]
[SourceTitle "EXT 2013"]
[Source "ChessBase"]
[SourceDate "2012.11.22"]
[SourceVersion "1"]
[SourceVersionDate "2012.11.22"]
[SourceQuality "1"]

1. d4 Nf6 2. c4 e6 3. Nc3 Bb4 4. Qc2 d5 5. e3 0-0 6. a3 Be7 7. Nf3 b6 8. cxd5 exd5 9. Bd3 Bb7 10. 0-0 Nbd7 11. b4 c5 12. bxc5 bxc5 13. Rb1 Nb6 14. dxc5 Bxc5 15. Nb5 Qe7 16. Bb2 Ne4 17. Nfd4 Rfc8 18. Qe2 Na4 19. Nf5 Qg5 20. Bxe4 Nxb2 21. Qxb2 dxe4 22. Nbd6 Ba6 23. h4 Qg4 24. Ne7+ Kf8 25. Nexc8 Bxc8 26. Qe5 Bxd6 27. Qxd6+ Kg8 28. Qd8# 1-0

[Event "Irkutsk-ch op"]
[Site "Irkutsk"]
[Date "2011.04.16"]
[Round "1"]
[White "Sergeev, Andrey"]
[Black "Eliseev, Nikolay1"]
[Result "1-0"]
[WhiteElo "2065"]
[BlackElo "1836"]
[PlyCount "83"]
[EventDate "2011.04.16"]
[EventType "swiss"]
[EventRounds "9"]
[EventCountry "RUS"]
[SourceTitle "EXT 2013"]
[Source "ChessBase"]
[SourceDate "2012.11.22"]
[SourceVersion "1"]
[SourceVersionDate "2012.11.22"]
[SourceQuality "1"]

1. d4 d5 2. c4 e6 3. Nc3 c6 4. Nf3 dxc4 5. a4 Nf6 6. e3 Bb4 7. Bxc4 Nbd7 8. 0-0 0-0 9. Qc2 Qe7 10. e4 e5 11. d5 Nb6 12. Bb3 Bg4 13. dxc6 Bxf3 14. cxb7 Qxb7 15. gxf3 Rac8 16. Bg5 Nfd7 17. Rfc1 Nc5 18. a5 Bxc3 19. bxc3 Na8 20. Bd5 Qa6 21. Be3 Qg6+ 22. Kh1 Qh5 23. Qe2 Nd7 24. c4 Nc5 25. Rg1 Nb3 26. Rg5 Nd4 27. Rxh5 Nxe2 28. Rxe5 Nc7 29. Bxa7 Nf4 30. Be3 Nce6 31. a6 Nxd5 32. exd5 Nc7 33. Re7 Na8 34. c5 Nc7 35. Rxc7 Rxc7 36. a7 Ra8 37. c6 Kf8 38. Bb6 Rcc8 39. Re1 Re8 40. Bc5+ Kg8 41. Rxe8+ Rxe8 42. d6 1-0

[Event "Irkutsk Veda op"]
[Site "Irkutsk"]
[Date "2010.08.22"]
[Round "8"]
[White "Sergeev, Andrey"]
[Black "Tunik, Sergey"]
[Result "1-0"]
[WhiteElo "2049"]
[BlackElo "1963"]
[PlyCount "83"]
[EventDate "2010.08.15"]
[EventType "swiss"]
[EventRounds "9"]
[EventCountry "RUS"]
[SourceTitle "CBM 138 Extra"]
[Source "ChessBase"]
[SourceDate "2010.10.29"]
[SourceVersion "1"]
[SourceVersionDate "2010.10.29"]
[SourceQuality "1"]

1. d4 d5 2. c4 c6 3. Nf3 Nf6 4. Nc3 e6 5. cxd5 exd5 6. Bg5 Be7 7. Qc2 0-0 8. e3 Nbd7 9. Bd3 h6 10. Bh4 b6 11. h3 Nh5 12. Bxe7 Qxe7 13. 0-0-0 b5 14. g4 b4 15. Ne2 b3 16. Qxb3 Nhf6 17. g5 Ne4 18. Bxe4 dxe4 19. Nd2 hxg5 20. Nc3 Re8 21. Ndxe4 c5 22. Nxc5 Nxc5 23. dxc5 Bf5 24. Qd5 Bg6 25. Qd6 Qb7 26. Qd5 Qe7 27. Rhg1 Qf6 28. Rxg5 Rad8 29. Qg2 Rxd1+ 30. Kxd1 Rd8+ 31. Kc1 Rd3 32. Rd5 Rxc3+ 33. bxc3 Qxc3+ 34. Kd1 Qc2+ 35. Ke1 Be4 36. Rd8+ Kh7 37. Qg5 Qc1+ 38. Rd1 Qc3+ 39. Kf1 Bd3+ 40. Kg1 g6 41. Qh4+ Kg7 42. Qd4+ 1-0

[Event "Sibiria Region-ch"]
[Site "Irkutsk"]
[Date "2010.05.18"]
[Round "5"]
[White "Sergeev, Andrey"]
[Black "Rozhnev, Gennady"]
[Result "0-1"]
[WhiteElo "2043"]
[BlackElo "2202"]
[PlyCount "129"]
[EventDate "2010.05.15"]
[EventType "swiss"]
[EventRounds "9"]
[EventCountry "RUS"]
[SourceTitle "CBM 136 Extra"]
[Source "ChessBase"]
[SourceDate "2010.07.02"]
[SourceVersion "2"]
[SourceVersionDate "2010.07.15"]
[SourceQuality "1"]

1. d4 Nf6 2. c4 g6 3. Nc3 d5 4. e3 Bg7 5. Nf3 0-0 6. cxd5 Nxd5 7. Bc4 Nxc3 8. bxc3 c5 9. 0-0 Qc7 10. Be2 Rd8 11. Ba3 b6 12. Rc1 Bb7 13. Qc2 Nd7 14. Rfd1 Rac8 15. d5 Ne5 16. c4 Nxf3+ 17. Bxf3 Be5 18. g3 e6 19. e4 Bd4 20. Bg4 Qe5 21. Bh3 Qh5 22. Bg2 e5 23. Qd3 Rc7 24. Rb1 Bc8 25. Bc1 g5 26. Bd2 Rd6 27. Rf1 Bg4 28. Qc2 Rf6 29. Rb3 Be2 30. Bxg5 Rg6 31. Re1 Bxc4 32. Qxc4 Qxg5 33. a4 h5 34. h4 Qf6 35. Rf3 Qg7 36. Kh2 Rf6 37. Qe2 c4 38. Rxf6 Qxf6 39. Qxh5 c3 40. Rc1 c2 41. Qe2 Qxf2 42. Qg4+ Kf8 43. d6 Rc3 44. Qg5 Qe3 45. Qe7+ Kg7 46. d7 Qxc1 47. d8Q Bg1+ 48. Kh3 Rxg3+ 49. Kxg3 Qf4+ 50. Kh3 Qh2+ 51. Kg4 Qxg2+ 52. Kf5 Qf3+ 53. Kxe5 Bh2+ 54. Kd5 Qd1+ 55. Kc6 c1Q+ 56. Kb7 Qxd8 57. Qxd8 Qc5 58. Qd7 a5 59. Ka6 Qc7 60. Qd4+ Be5 61. Qg1+ Kf8 62. Qg5 Bd4 63. Qh6+ Ke8 64. Qh7 Qc5 65. h5 0-1

[Event "Sibiria Region-ch"]
[Site "Irkutsk"]
[Date "2010.05.16"]
[Round "2"]
[White "Sergeev, Andrey"]
[Black "Varkvasov, Valery"]
[Result "1-0"]
[WhiteElo "2043"]
[BlackElo "1969"]
[PlyCount "69"]
[EventDate "2010.05.15"]
[EventType "swiss"]
[EventRounds "9"]
[EventCountry "RUS"]
[SourceTitle "CBM 136 Extra"]
[Source "ChessBase"]
[SourceDate "2010.07.02"]
[SourceVersion "2"]
[SourceVersionDate "2010.07.15"]
[SourceQuality "1"]

1. d4 Nf6 2. c4 e6 3. Nc3 Bb4 4. Qc2 c5 5. dxc5 Qa5 6. Bd2 Nc6 7. e3 0-0 8. Nf3 Qxc5 9. a3 Qa5 10. Bd3 h6 11. 0-0 Be7 12. Nd5 Qd8 13. Nxe7+ Qxe7 14. b4 d6 15. Bc3 e5 16. b5 Nb8 17. c5 dxc5 18. Nxe5 b6 19. Rad1 Bb7 20. Bf5 a6 21. Qb3 axb5 22. Ng6 Qe8 23. Nxf8 Kxf8 24. Bxf6 gxf6 25. Rd6 Qe5 26. Qd3 Kg7 27. Rxb6 Bc6 28. Rd1 c4 29. Qd6 Qxf5 30. Rxb8 Qg4 31. Qf8+ Kg6 32. Qg8+ Kf5 33. Rxb5+ Bxb5 34. Rd5+ Ke6 35. Qxg4+ 1-0

[Event "Irkutsk Ermolaev Memorial 3rd"]
[Site "Irkutsk"]
[Date "2009.07.08"]
[Round "5"]
[White "Khusainov, Gennady"]
[Black "Sergeev, Andrey"]
[Result "0-1"]
[WhiteElo "1532"]
[BlackElo "2065"]
[PlyCount "74"]
[EventDate "2009.07.04"]
[EventType "swiss"]
[EventRounds "9"]
[EventCountry "RUS"]
[SourceTitle "EXT 2012"]
[Source "ChessBase"]
[SourceDate "2011.11.24"]
[SourceVersion "1"]
[SourceVersionDate "2011.11.24"]
[SourceQuality "1"]

1. d4 d5 2. c4 c6 3. e3 Nf6 4. Nf3 Bf5 5. Nc3 e6 6. Bd3 Bxd3 7. Qxd3 Bd6 8. 0-0 0-0 9. b3 Nbd7 10. Bb2 Re8 11. e4 dxe4 12. Nxe4 Nxe4 13. Qxe4 Nf6 14. Qh4 Qc7 15. d5 Nd7 16. Ng5 h6 17. dxe6 hxg5 18. exf7+ Kxf7 19. Qh5+ Kg8 20. Bxg7 Bxh2+ 21. Kh1 Be5 22. Rae1 Kxg7 23. Qxg5+ Kf8 24. Re3 Re7 25. Rf3+ Rf7 26. Rxf7+ Kxf7 27. Qh5+ Kf8 28. Re1 Bg7 29. Re3 Nf6 30. Qc5+ Kg8 31. Re7 Qf4 32. g3 Qf3+ 33. Kg1 Rf8 34. Rxb7 Ne4 35. Qxa7 Qd1+ 36. Kg2 Rxf2+ 37. Kh3 Qh5# 0-1

[Event "Sibiria Region-ch"]
[Site "Irkutsk"]
[Date "2009.05.12"]
[Round "4"]
[White "Sergeev, Andrey"]
[Black "Bobarykin, Dmitry"]
[Result "1/2-1/2"]
[WhiteElo "2067"]
[BlackElo "2260"]
[PlyCount "107"]
[EventDate "2009.05.10"]
[EventType "swiss"]
[EventRounds "9"]
[EventCountry "RUS"]
[SourceTitle "CBM 130 Extra"]
[Source "ChessBase"]
[SourceDate "2009.07.02"]
[SourceVersion "2"]
[SourceVersionDate "2009.07.15"]
[SourceQuality "1"]

1. d4 Nf6 2. c4 g6 3. Nc3 Bg7 4. e4 d6 5. f3 0-0 6. Be3 Nc6 7. Qd2 a6 8. Nge2 Rb8 9. Ng3 e5 10. d5 Nd4 11. Nge2 c5 12. dxc6 bxc6 13. Nxd4 exd4 14. Bxd4 d5 15. cxd5 cxd5 16. Nxd5 Nxd5 17. Bxg7 Kxg7 18. Rd1 Qh4+ 19. g3 Qf6 20. Qxd5 Qxf3 21. Qd4+ Kg8 22. Rg1 Bg4 23. Rd3 Rbd8 24. Rxf3 Rxd4 25. Rf4 f5 26. e5 Rd1+ 27. Kf2 Rd2+ 28. Ke3 Rxh2 29. Rf2 Rxf2 30. Kxf2 Rc8 31. Bxa6 Rc2+ 32. Ke3 Rxb2 33. Rc1 Kg7 34. Rc7+ Kh6 35. Bc4 Rc2 36. Kd3 Rg2 37. e6 Be2+ 38. Kd4 Bxc4 39. Rxc4 Rxa2 40. Ke5 Kg5 41. Rc7 Re2+ 42. Kd6 h5 43. Rc1 Kg4 44. Rc5 Kxg3 45. Re5 Rd2+ 46. Kc7 Rc2+ 47. Kb7 Rb2+ 48. Kc7 Ra2 49. Kb7 Rd2 50. Kc7 Rc2+ 51. Kb7 Rb2+ 52. Kc7 Ra2 53. Kb7 Rd2 54. Kc7 1/2-1/2

[Event "Sibiria Region-ch"]
[Site "Irkutsk"]
[Date "2009.05.10"]
[Round "1"]
[White "Ginzburg, Yakov"]
[Black "Sergeev, Andrey"]
[Result "1-0"]
[WhiteElo "2406"]
[BlackElo "2067"]
[PlyCount "71"]
[EventDate "2009.05.10"]
[EventType "swiss"]
[EventRounds "9"]
[EventCountry "RUS"]
[SourceTitle "CBM 130 Extra"]
[Source "ChessBase"]
[SourceDate "2009.07.02"]
[SourceVersion "2"]
[SourceVersionDate "2009.07.15"]
[SourceQuality "1"]

1. d4 d5 2. c4 c6 3. Nf3 Nf6 4. Nc3 e6 5. Bg5 Nbd7 6. cxd5 exd5 7. e3 Be7 8. Bd3 0-0 9. 0-0 h6 10. Bh4 Ne4 11. Bxe7 Qxe7 12. Qc2 f5 13. Rab1 Rf6 14. b4 b6 15. b5 Nxc3 16. Qxc3 c5 17. dxc5 Nxc5 18. Nd4 f4 19. Rbe1 Qf7 20. exf4 Rxf4 21. Nc6 Be6 22. Bb1 Rf8 23. f3 Rc4 24. Qe3 Qc7 25. Qd2 Rff4 26. a3 a6 27. Ba2 axb5 28. Bxc4 bxc4 29. Ne7+ Kh7 30. Qc2+ Nd3 31. Rxe6 Rf7 32. Nxd5 Qd7 33. Qxc4 Qxe6 34. Qxd3+ g6 35. Rc1 Rd7 36. Nf6+ 1-0

[Event "Sibiria Region-ch"]
[Site "Russia"]
[Date "2007.03.26"]
[Round "9"]
[White "Sergeev, Andrey"]
[Black "Gubin, Andrey"]
[Result "0-1"]
[WhiteElo "2031"]
[BlackElo "2277"]
[PlyCount "50"]
[EventDate "2007.03.18"]
[EventType "swiss"]
[EventRounds "9"]
[EventCountry "RUS"]
[SourceTitle "EXT 2008"]
[Source "ChessBase"]
[SourceDate "2007.11.25"]
[SourceVersion "1"]
[SourceVersionDate "2007.11.25"]
[SourceQuality "1"]

1. d4 d6 2. c4 e5 3. d5 c5 4. e4 f5 5. Nc3 Nf6 6. Bd3 f4 7. a3 Na6 8. Bd2 Bd7 9. Nf3 g5 10. Nxg5 Rg8 11. Nxh7 Rxg2 12. Nxf6+ Qxf6 13. Qh5+ Ke7 14. 0-0-0 Bg4 15. Qh7+ Bg7 16. h3 Rh8 17. Qxh8 Bxh8 18. hxg4 Rxg4 19. Rh7+ Bg7 20. Rdh1 Qg6 21. Kc2 Nc7 22. f3 Rg2 23. Bf1 Rf2 24. R7h3 Ne8 25. Nd1 Rxf3 0-1